000 00597cab a2200217 4500
001 WB3505-39
008 090401t1999 xxu||||| |||| 00| 0 eng d
035 _a(Sirsi) u91105
041 _aeng
245 _aLabour rejects ban
260 _c1999
350 _a0
490 _aFinancial Times
_v4 February 1999, 8 ; 5 February 1999, 11(3)
520 _aGovernment has rejected demands to ban the growth of genetically modified crops.
650 _aCROPS
650 _aGENETICALLY MODIFIED CROPS
650 _aSUPERCROPS
690 _aRURAL PRACTICE
942 _n0
948 _c04/02/1999
999 _c57811
_d57811